00380nam a2200145Ia 450000500170000000800410001702000180005804000090007608200160008510000170010124500390011826000450015730000210020249000110022320231010094007.0220713s9999 xx 000 0 und d a9781775611561 c3228 aNSO KF BEHA aBEHARILAI M. 0aNaledi o anega ka ga nose le tsie  aCenturion:bQualibooks Publishing,c2018 a39 pages c21 cm aNaledi